[Event "Match"]
[Site "www.echecsemail.com"]
[Date "2019.05.15"]
[Round "1"]
[White "Joseph1983"]
[Black "Tbsundar"]
[WhiteElo "2150"]
[BlackElo "2160"]
[Result "1-0"]
[Round "1"]
1.e4 e5
2.Bf1c4 Ng8f6
3.Nb1c3 c6
4.Ng1f3 d6
5.d4 Nb8d7
6.dxe5 dxe5
7.Nf3g5 Qd8a5
8.Bc4xf7 Ke7
9.Bf7b3 Nd7c5
10.Bc1d2 Nc5xb3
11.Nc3d5 Qa5xd5
12.exd5 Nb3xa1
13.dxc6 h6
14.Bd2b4 Ke8
15.Bb4xf8 Rh8xf8
16.cxb7 Bc8xb7
17.Ng5e6 Rf8f7
18.Qd1xa1 Ra8c8
19.b3 Rc8xc2
20.O-O Nf6d7
21.Qa1b1 Bb7e4
22.Qb1e1 Ke7
23.Qe1xe4 Rc2xa2
24.Ne6d4 Rf7f4
25.Nd4c6 Kf6
26.Qe4d5 { resign }
1-0

[Event "Tourn. n10115"]
[Site "www.echecsemail.com"]
[Date "2019.05.15"]
[Round "1"]
[White "Fabos12"]
[Black "Picifarkinca"]
[WhiteElo "1890"]
[BlackElo "2040"]
[Result "0-1"]
[Round "1"]
1.d4 Ng8f6
2.Ng1f3 d5
3.Bc1f4 e6
4.c3 c6
5.Nb1d2 Bf8d6
6.Nf3e5 O-O
7.h4 Qd8c7
8.Nd2f3 Nf6e4
9.e3 f6
10.Ne5d3 Nb8d7
11.Bf4xd6 Qc7xd6
12.Ra1c1 e5
13.dxe5 fxe5
14.Nf3g5 { time. }
0-1

[Event "Tourn. n10133"]
[Site "www.echecsemail.com"]
[Date "2019.05.15"]
[Round "1"]
[White "Leonger"]
[Black "Bojan"]
[WhiteElo "2140"]
[BlackElo "2130"]
[Result "0-1"]
[Round "1"]
1.e4 e5
2.Ng1f3 d6
3.Nb1c3 c6
4.d4 f6
5.Bf1c4 Nb8d7
6.a4 a5
7.O-O Nd7b6
8.Bc4b3 Bc8g4
9.h3 Bg4h5
10.dxe5 dxe5
11.Qd1e2 Bf8c5
{ resign }
0-1

[Event "Tourn. n10133"]
[Site "www.echecsemail.com"]
[Date "2019.05.15"]
[Round "1"]
[White "Apdash"]
[Black "Leonger"]
[WhiteElo "2150"]
[BlackElo "2140"]
[Result "1-0"]
[Round "1"]
1.e4 c5
2.Ng1f3 d6
3.d4 cxd4
4.Nf3xd4 Ng8f6
5.Nb1c3 a6
6.a4 g6
7.Bf1c4 Bf8g7
8.Bc1g5 { resign }
1-0

[Event "Tourn. n10108"]
[Site "www.echecsemail.com"]
[Date "2019.05.15"]
[Round "1"]
[White "Conde7"]
[Black "Dougbeer"]
[WhiteElo "2790"]
[BlackElo "2600"]
[Result "1-0"]
[Round "1"]
1.a3 g6
2.d4 Bf8g7
3.e4 d6
4.Ng1f3 Ng8f6
5.Bf1d3 O-O
6.O-O Nb8d7
7.Nb1c3 e5
8.dxe5 dxe5
9.a4 c6
10.h3 Nf6h5
11.Bd3c4 Nh5f4
12.Qd1d6 Nd7b6
13.Qd6xd8 Rf8xd8
14.Bc4a2 Bc8e6
15.Bc1xf4 exf4
16.Ba2xe6 fxe6
17.e5 Nb6c4
18.Rf1e1 h6
19.Re1e2 g5
20.b3 Nc4b6
21.Ra1e1 Kf7
22.Nc3e4 Ra8b8
23.g3 Nb6d5
24.g4 Bg7f8
25.Kg2 Bf8b4
26.Re1h1 b5
27.h4 gxh4
28.Rh1xh4 Kg6
29.Rh4h3 bxa4
30.bxa4 Bb4e7
31.c4 Nd5b4
32.Re2e1 Nb4d3
33.Re1h1 Be7f8
34.Ne4d6 Rb8b3
35.g5 h5
36.Rh1d1 Nd3c5
37.Nf3h4 Kh7
38.g6 Kg8
39.Nh4f3 Rb3d3
40.Rd1h1 Bf8g7
41.Rh3xh5 Rd3a3
42.Rh1b1 Rd8a8
43.Nf3h2 Ra3xa4
44.Nh2g4 { resign }
1-0

[Event "Match"]
[Site "www.echecsemail.com"]
[Date "2019.05.15"]
[Round "1"]
[White "Polskajade"]
[Black "Pforjan"]
[WhiteElo "1809"]
[BlackElo "2300"]
[Result "0-1"]
[Round "1"]
1.e4 Ng8f6
2.e5 Nf6d5
3.d4 d6
4.c4 Nd5b6
5.f4 g6
6.Nb1c3 Bf8g7
7.Bc1e3 O-O
8.c5 dxc5
9.dxc5 Nb6d7
10.h4 Nb8c6
11.h5 b6
 { time }
0-1

[Event "Match"]
[Site "www.echecsemail.com"]
[Date "2019.05.15"]
[Round "1"]
[White "Polskajade"]
[Black "Guidom"]
[WhiteElo "1809"]
[BlackElo "2120"]
[Result "0-1"]
[Round "1"]
1.d4 d5
2.Ng1f3 c6
3.c4 Ng8f6
4.e3 Bc8g4
5.h3 Bg4h5
6.Nb1c3 e6
7.Qd1b3 Qd8c7
8.g4 Bh5g6
9.Nf3e5 dxc4
10.Bf1xc4 Nf6d5
11.e4 Nd5xc3
12.Ne5xg6 hxg6
13.bxc3 b5
14.Bc4e2 Bf8d6
 { time }
0-1

[Event "Tourn. n10103"]
[Site "www.echecsemail.com"]
[Date "2019.05.15"]
[Round "1"]
[White "Rons"]
[Black "Szustan"]
[WhiteElo "2630"]
[BlackElo "2620"]
[Result "1/2-1/2"]
[Round "1"]
1.e4 e5
2.Ng1f3 Nb8c6
3.Bf1b5 a6
4.Bb5a4 Ng8f6
5.O-O Nf6xe4
6.d4 b5
7.Ba4b3 d5
8.dxe5 Bc8e6
9.Nb1d2 Ne4c5
10.c3 d4
11.Bb3c2 d3
12.Bc2b1 Qd8d5
13.Nf3g5 Nc6xe5
14.a4 Bf8d6
15.axb5 axb5
16.Ra1xa8 Qd5xa8
17.f4 Ne5g6
18.Ng5xe6 fxe6
19.g3 O-O
20.Nd2f3 e5
21.b4 e4
22.bxc5 Bd6xc5
23.Kg2 exf3
24.Qd1xf3 Qa8xf3
25.Rf1xf3 Rf8a8
26.Bb1xd3 Ra8a2
27.Kh3 c6
28.Bc1e3 Bc5xe3
29.Rf3xe3 Kf7
30.Bd3xg6 hxg6
31.Re3e5 Ra2d2
{ draw }
1/2-1/2

[Event "Match"]
[Site "www.echecsemail.com"]
[Date "2019.05.15"]
[Round "1"]
[White "Bojan"]
[Black "Mitja"]
[WhiteElo "2140"]
[BlackElo "2030"]
[Result "1-0"]
[Round "1"]
1.d4 d5
2.Nb1d2 e6
3.e4 dxe4
4.Nd2xe4 c6
5.a3 h6
6.Ng1e2 Ng8f6
7.Ne2c3 Nf6xe4
8.Nc3xe4 Nb8d7
9.Bc1f4 Nd7f6
10.f3 Nf6xe4
11.fxe4 Bf8e7
12.c3 b6
13.Bf1e2 Bc8b7
14.O-O Be7d6
15.e5 Bd6c7
16.Be2d3 Qd8d5
17.Rf1f2 g5
18.Bf4d2 c5
19.Qd1h5 O-O-O
20.Ra1e1 cxd4
21.Bd3e4 Qd5c5
22.Be4xb7 Kxb7
23.Rf2xf7 dxc3
24.Bd2e3 Qc5xe5
25.bxc3 Qe5xc3
26.Qh5f3 Kb8
27.Re1c1 Qc3e5
28.Rf7xc7 Qe5xc7
29.Rc1xc7 Kxc7
30.Qf3f7 Kb8
31.Qf7xe6 Rh8e8
32.Qe6b3 Kb7
33.a4 Rd8c8
34.Kf2 Re8f8
35.Kg3 Rc8c6
36.a5 Rf8c8
37.Qb3f7 Rc8c7
38.Qf7d5 bxa5
39.Kg4 a4
40.Kh5 a6
41.g3 a3
42.Qd5b3 Kc8
43.Qb3xa3 Kb7
44.Qa3b4 Ka8
45.Qb4a5 Kb7
46.Be3d4 Rc7c8
47.Qa5b4 Ka8
48.Qb4e7 Rc8c7
49.Qe7a3 Kb7
50.Bd4g7 Rc7c8
51.Bg7xh6 g4
52.Kxg4 Ka8
53.h4 Ka7
54.Bh6f4 Kb7
55.h5 Rc6c3
56.Qa3b4 Ka8
57.Qb4e4 Rc3c6
58.h6 { resign }
1-0

[Event "1/128 Finale"]
[Site "www.chess-mail.com"]
[Date "2019.05.15"]
[Round "1"]
[White "Virgil08bv"]
[Black "Sorim"]
[WhiteElo "2630"]
[BlackElo "2130"]
[Result "1-0"]
[Round "1"]
1.e4 e5
2.Ng1f3 Nb8c6
3.Bf1b5 a6
4.Bb5a4 Ng8f6
5.O-O d6
6.Rf1e1 Bf8e7
7.c3 O-O
8.d4 Bc8g4
9.Ba4xc6 bxc6
10.h3 Bg4h5
11.dxe5 Bh5xf3
12.Qd1xf3 dxe5
13.Nb1d2 Ra8b8
14.Nd2c4 Nf6d7
15.Qf3g4 Be7d6
16.Bc1h6 Qd8f6
17.Bh6xg7 Qf6xg7
18.Qg4xd7 h5
19.Qd7xc6 Kh7
20.Re1e3 h4
21.Re3f3 Rf8g8
22.Nc4e3 Rb8xb2
23.Qc6xa6 Bd6c5
24.Ne3g4 { resign }
1-0

[Event "1/32 Finale"]
[Site "www.chess-mail.com"]
[Date "2019.05.15"]
[Round "1"]
[White "Bevittsmith"]
[Black "Asoka"]
[WhiteElo "2270"]
[BlackElo "2730"]
[Result "0-1"]
[Round "1"]
1.e4 c5
2.Ng1f3 d6
3.d4 cxd4
4.Nf3xd4 Ng8f6
5.Nb1c3 g6
6.f4 Nb8c6
7.Nd4xc6 bxc6
8.e5 Nf6d7
9.exd6 exd6
10.Bc1e3 Bf8e7
11.Qd1d2 O-O
12.Bf1e2 d5
13.O-O-O Ra8b8
14.Be3xa7 Rb8b7
15.Ba7e3 Qd8a5
16.Nc3xd5 Qa5xd2
17.Rd1xd2 cxd5
18.Rd2xd5 Rb7c7
19.Rd5d2 Be7b4
20.c3 Bb4xc3
21.Rd2c2 Rf8e8
22.Rc2xc3 Rc7xc3
23.bxc3 Re8xe3
24.Kd2 Re3e4
25.Be2f3 Re4xf4
26.Rh1e1 Kg7
27.Re1e4 Rf4f5
28.a4 Bc8b7
{ resign }
0-1

[Event "Match"]
[Site "www.echecsemail.com"]
[Date "2019.05.16"]
[Round "1"]
[White "Gimmyg"]
[Black "Telexmweene"]
[WhiteElo "2530"]
[BlackElo "2119"]
[Result "1-0"]
[Round "1"]
1.Nb1c3 d5
2.e4 dxe4
3.Nc3xe4 e5
4.Bf1c4 Nb8d7
5.Ng1f3 h6
6.d4 exd4
7.Qd1xd4 Ng8f6
8.Bc1f4 Qd8e7
9.O-O-O Nf6xe4
10.Rh1e1 Nd7f6
11.Nf3e5 Bc8e6
12.Bc4b5 c6
13.Ne5xc6 Qe7d7
14.Nc6b8 { resign }
1-0

[Event "Tourn. n10134"]
[Site "www.echecsemail.com"]
[Date "2019.05.16"]
[Round "1"]
[White "D4minance"]
[Black "Luban"]
[WhiteElo "2720"]
[BlackElo "2200"]
[Result "1-0"]
[Round "1"]
1.d4 d5
2.c4 dxc4
3.e4 c6
4.Bf1xc4 e6
5.Ng1f3 Ng8f6
6.Nb1c3 h6
7.O-O Bf8b4
8.Qd1e2 O-O
9.Bc4d3 Nb8d7
10.a3 Bb4e7
11.e5 Nf6d5
12.Bc1xh6 gxh6
13.Qe2e4 Nd7f6
14.exf6 Nd5xf6
15.Qe4f4 Kg7
16.Nf3e5 Rf8h8
17.Ra1e1 Qd8g8
18.Re1e3 Qg8d8
19.Nc3e4 Bc8d7
20.Re3g3 Kf8
21.Ne4xf6 { resign }
1-0

[Event "Tourn. n10060"]
[Site "www.echecsemail.com"]
[Date "2019.05.16"]
[Round "1"]
[White "Cal"]
[Black "Passaroa25"]
[WhiteElo "1880"]
[BlackElo "1800"]
[Result "1-0"]
[Round "1"]
1.Ng1f3 Nb8c6
2.d4 d5
3.h3 Bc8e6
4.e3 f6
5.Bf1b5 Be6f7
6.a3 e6
7.Nb1c3 Ng8e7
8.b4 a6
9.Bb5xc6 Ne7xc6
10.Bc1b2 Bf8d6
11.O-O O-O
12.Nc3e2 Qd8e7
13.c3 Ra8b8
14.Qd1d3 g6
15.e4 b5
16.Qd3e3 h5
17.e5 fxe5
18.Qe3h6 Qe7f6
19.Nf3g5 Qf6g7
20.Qh6xg7 Kxg7
21.h4 Bf7g8
22.dxe5 Bd6xe5
23.f3 Rf8f6
24.f4 Be5d6
25.Ne2g3 Bd6xf4
26.Ra1d1 Bf4xg3
27.c4 d4
28.Rf1xf6 Kxf6
29.Ng5e4 Ke7
30.Ne4xg3 bxc4
31.Bb2xd4 e5
32.Bd4c5 Ke8
33.Ng3e4 Kf7
34.Rd1d7 Ke6
35.Rd7xc7 Nc6d8
36.Rc7e7 Kd5
37.Ne4f6 Kc6
38.Nf6xg8 Kd5
39.Ng8f6 Kc6
40.Re7g7 a5
41.Rg7xg6 Kb5
42.Nf6xh5 Ka4
43.Rg6g3 Nd8e6
44.Bc5d6 Rb8b6
45.Bd6xe5 axb4
46.axb4 Rb6xb4
47.Nh5f6 Rb4b3
48.Nf6d5 Rb3b1
49.Kh2 Ne6c5
50.Nd5c3 Kb4
51.Nc3xb1 Nc5d3
52.Be5d4 Kb3
53.Nb1d2 Kb4
54.Rg3e3 c3
55.Re3xd3 c2
56.Rd3c3 { resign }
1-0

[Event "Tourn. n10127"]
[Site "www.echecsemail.com"]
[Date "2019.05.16"]
[Round "1"]
[White "Luban"]
[Black "Francesco"]
[WhiteElo "2180"]
[BlackElo "2140"]
[Result "1-0"]
[Round "1"]
1.d4 Ng8f6
2.c4 g6
3.e3 Bf8g7
4.Ng1f3 O-O
5.Nb1c3 d5
6.h3 c6
7.Bf1d3 dxc4
8.Bd3xc4 Bc8f5
9.O-O Qd8c7
10.Rf1e1 Rf8d8
11.e4 Bf5c8
12.Bc4xf7 Kxf7
13.Nf3g5 Kf8
14.Qd1b3 e6
15.Qb3xe6 Qc7d7
16.Qe6xd7 Nb8xd7
17.Ng5e6 Ke7
18.Ne6c7 Ra8b8
19.e5 Nf6e8
20.Bc1g5 { resign }
1-0

[Event "Match"]
[Site "www.echecsemail.com"]
[Date "2019.05.16"]
[Round "1"]
[White "Eeze"]
[Black "Babedad"]
[WhiteElo "1960"]
[BlackElo "2230"]
[Result "0-1"]
[Round "1"]
1.e4 e6
2.Ng1f3 d5
3.exd5 exd5
4.d4 Bf8d6
5.h3 Ng8e7
6.Bc1g5 f6
7.Bg5d2 Bc8f5
8.Bd2e3 O-O
9.Bf1d3 c6
10.Bd3xf5 Ne7xf5
11.O-O Rf8e8
12.Rf1e1 Nb8d7
13.c3 Nf5xe3
14.Re1xe3 Re8xe3
15.fxe3 Qd8e7
16.Qd1d3 Ra8e8
17.Kf2 f5
18.g3 Nd7f6
19.Nf3g5 Nf6e4
20.Ng5xe4 fxe4
21.Qd3e2 Re8f8
22.Kg2 Rf8f3
23.Nb1d2 Rf3xg3
24.Kh1 Rg3xh3
25.Kg1 Qe7g5
26.Kf1 Rh3h1
27.Kf2 Qg5g3

0-1

[Event "Tourn. n10133"]
[Site "www.echecsemail.com"]
[Date "2019.05.16"]
[Round "1"]
[White "Bojan"]
[Black "Luban"]
[WhiteElo "2130"]
[BlackElo "2190"]
[Result "0-1"]
[Round "1"]
1.d4 d5
2.Nb1d2 e6
3.e4 dxe4
4.Nd2xe4 Ng8f6
5.Bc1g5 Bf8e7
6.c3 Nf6xe4
7.Bg5xe7 Qd8xe7
8.Qd1f3 Ne4f6
9.Bf1d3 O-O
10.Ng1h3 e5
11.O-O-O e4
12.Qf3e3 Bc8f5
13.Nh3f4 Rf8e8
14.Bd3c4 c6
15.h3 Nb8d7
16.Bc4b3 Nd7b6
17.Rh1e1 Nb6d5
18.Nf4xd5 Nf6xd5
19.Qe3g3 h6
20.Re1e2 Qe7g5
21.Qg3xg5 hxg5
22.c4 Nd5f4
23.Re2e3 Nf4d3
24.Kc2 Bf5g6
25.Rd1d2 f5
26.f3 f4
27.Re3e2 exf3
28.gxf3 Nd3e1
29.Kc3 Ne1xf3
30.Re2xe8 Ra8xe8
31.Rd2d1 a5
32.a4 Re8e3
33.Rd1d3 Bg6xd3
{ resign }
0-1

[Event "Tourn. n10063"]
[Site "www.echecsemail.com"]
[Date "2019.05.16"]
[Round "1"]
[White "Marbachess"]
[Black "Numanoid"]
[WhiteElo "2610"]
[BlackElo "2690"]
[Result "1/2-1/2"]
[Round "1"]
1.f4 g6
2.Ng1f3 Bf8g7
3.d3 b5
4.e4 Bc8b7
5.c3 d6
6.a4 a6
7.axb5 axb5
8.Ra1xa8 Bb7xa8
9.Nb1a3 c6
10.d4 Ng8f6
11.Bf1d3 O-O
12.O-O Nb8d7
13.e5 Nf6d5
14.Qd1e1 dxe5
15.fxe5 Nd5c7
16.Qe1g3 b4
17.Na3c2 c5
18.Nf3g5 e6
19.Nc2e1 cxd4
20.cxd4 f5
21.exf6 Nd7xf6
22.Bc1e3 h6
23.Ng5f3 g5
24.Nf3e5 Nc7d5
25.Bd3c4 Qd8d6
26.Ne1c2 Nd5xe3
27.Nc2xe3 Qd6xd4
{ draw }
1/2-1/2

[Event "Tourn. n10107"]
[Site "www.echecsemail.com"]
[Date "2019.05.16"]
[Round "1"]
[White "Jjmcbride"]
[Black "Iko"]
[WhiteElo "1730"]
[BlackElo "1820"]
[Result "0-1"]
[Round "1"]
1.e4 e5
2.Ng1f3 Ng8f6
3.Nb1c3 Nb8c6
4.d4 Bf8b4
5.a3 Bb4xc3
6.bxc3 Nf6xe4
7.Qd1d3 f5
 { time }
0-1

[Event "Tourn. n10070"]
[Site "www.echecsemail.com"]
[Date "2019.05.17"]
[Round "1"]
[White "Cemaah"]
[Black "Numanoid"]
[WhiteElo "2470"]
[BlackElo "2720"]
[Result "0-1"]
[Round "1"]
1.e4 e6
2.d4 d5
3.Nb1c3 Bf8b4
4.e5 b6
5.a3 Bb4f8
6.Ng1f3 Ng8e7
7.Nc3e2 Bc8a6
8.Ne2g3 Ba6xf1
9.Kxf1 g6
10.c3 c5
11.h4 h6
12.Bc1e3 Bf8g7
13.Qd1d2 Nb8d7
14.b4 c4
15.Ke2 a5
16.Rh1b1 a4
17.Qd2c2 b5
18.Rb1h1 Qd8c7
19.Ra1e1 O-O-O
20.Kd2 Kb7
21.Nf3g1 Rh8g8
22.f4 Ne7f5
 { time }
0-1

[Event "Tourn. n10079"]
[Site "www.echecsemail.com"]
[Date "2019.05.17"]
[Round "1"]
[White "Pdebonis"]
[Black "Numanoid"]
[WhiteElo "2700"]
[BlackElo "2740"]
[Result "1/2-1/2"]
[Round "1"]
1.d4 d5
2.c4 dxc4
3.Ng1f3 Ng8f6
4.e3 Bc8g4
5.Bf1xc4 e6
6.h3 Bg4h5
7.Nb1c3 Nb8c6
8.O-O Bf8d6
9.a3 O-O
10.Bc4e2 a6
11.b4 Qd8e8
12.g4 Bh5g6
13.Bc1b2 Ra8d8
14.Be2c4 Nf6e4
15.Nc3xe4 Bg6xe4
16.Nf3d2 Be4d5
17.f4 f5
18.gxf5 Bd5xc4
19.Nd2xc4 exf5
20.Qd1f3 Qe8e4
21.Qf3xe4 fxe4
22.Kf2 Nc6e7
23.Rf1g1 Ne7d5
{ draw }
1/2-1/2

[Event "Match"]
[Site "www.echecsemail.com"]
[Date "2019.05.17"]
[Round "1"]
[White "Comrade"]
[Black "Apdash"]
[WhiteElo "2310"]
[BlackElo "2160"]
[Result "1-0"]
[Round "1"]
1.e4 e6
2.d4 d5
3.e5 c5
4.Ng1f3 Nb8c6
5.c3 cxd4
6.cxd4 Qd8b6
7.Nb1c3 a6
8.a3 Ng8e7
9.b4 Ne7f5
10.Nc3a4 Qb6d8
11.Na4c5 b6
12.Nc5b3 Bf8e7
13.Bf1d3 Bc8d7
14.O-O O-O
15.g4 Nf5h4
16.Nf3xh4 Be7xh4
17.f4 f6
18.Qd1c2 h6
19.Bc1e3 fxe5
20.dxe5 Ra8c8
21.Qc2g2 a5
22.b5 a4
23.bxc6 Rc8xc6
24.Nb3d4 Rc6c3
25.Qg2d2 Rc3c8
26.g5 hxg5
27.fxg5 Qd8c7
28.Nd4f3 Rf8xf3
29.Rf1xf3 Qc7xe5
30.Ra1c1 Bd7c6
31.Be3f4 Qe5d4
32.Kh1 e5
33.Bf4e3 Qd4g4
34.Bd3e2 Qg4e6
35.Be3f2 Bh4xf2
36.Rf3xf2 e4
37.Qd2f4 e3
38.Rf2f1 d4
39.Kg1 Qe6h3
40.Rc1xc6 Rc8xc6
41.Qf4f8 Kh7
42.Be2d3 Rc6g6
43.Bd3xg6 Kxg6
44.Qf8f7 Kh7
45.Qf7f5 Qh3xf5
46.Rf1xf5 Kg6
47.Rf5d5 { resign }
1-0

[Event "Tourn. n10085"]
[Site "www.echecsemail.com"]
[Date "2019.05.17"]
[Round "1"]
[White "Andychesston"]
[Black "Pariolinius"]
[WhiteElo "1990"]
[BlackElo "1840"]
[Result "1-0"]
[Round "1"]
1.e4 c6
2.d4 d5
3.Nb1c3 dxe4
4.Bf1c4 Bc8f5
5.Bc1f4 Nb8d7
6.Ng1e2 Ng8f6
7.Ne2g3 Bf5g6
8.Qd1d2 e6
9.O-O Bf8e7
10.Ra1e1 Qd8b6
11.Nc3xe4 O-O
12.c3 a6
13.Bc4b3 Ra8d8
14.Ne4d6 Nf6d5
15.Nd6c4 Qb6a7
16.Bf4d6 Rf8e8
17.Bd6xe7 Re8xe7
18.a4 Nd7f6
19.Nc4e5 c5
20.c4 Nd5b4
21.Ne5xg6 hxg6
22.d5 Re7d7
23.Qd2g5 Nb4d3
24.Re1e3 Nd3xb2
25.Rf1b1 Nb2xc4
26.Bb3xc4 Nf6xd5
27.Re3d3 Nd5f6
28.Rd3xd7 Rd8xd7
29.Qg5f4 Rd7d4
30.Qf4c1 b6
31.Ng3e2 Rd4d8
32.Qc1e3 Qa7d7
33.h3 Nf6d5
34.Qe3d3 Qd7xa4
35.Ne2c3 Qa4c6
36.Nc3xd5 exd5
37.Rb1d1 d4
38.Bc4xa6 Rd8a8
39.Ba6b5 Qc6f6
40.Qd3e4 Ra8a2
41.f3 Ra2b2
42.Qe4g4 Qf6f5
43.Qg4g3 Qf5c2
44.Rd1e1 Qc2f5
45.Re1e8 Kh7
46.Qg3h4 Qf5h5
47.Qh4d8 { resign }
1-0

[Event "Tourn. n10099"]
[Site "www.echecsemail.com"]
[Date "2019.05.17"]
[Round "1"]
[White "Cemaah"]
[Black "Numanoid"]
[WhiteElo "2410"]
[BlackElo "2780"]
[Result "0-1"]
[Round "1"]
1.e4 e6
2.d4 d5
3.Nb1d2 c5
4.exd5 exd5
5.Ng1f3 Nb8c6
6.Nd2b3 c4
7.Nb3d2 Ng8f6
8.Bf1e2 Bf8d6
 { time }
0-1

[Event "Tourn. n10114"]
[Site "www.echecsemail.com"]
[Date "2019.05.17"]
[Round "1"]
[White "Greghghs"]
[Black "Wd40"]
[WhiteElo "2460"]
[BlackElo "2450"]
[Result "0-1"]
[Round "1"]
1.d4 d5
2.c4 c6
3.Nb1c3 Ng8f6
4.e3 e6
5.Ng1f3 Nb8d7
6.Bf1d3 dxc4
7.Bd3xc4 b5
8.Bc4d3 Bc8b7
9.O-O a6
10.e4 c5
11.d5 Qd8c7
12.Bd3c2 O-O-O
13.Nf3g5 Nd7b6
14.a4 h6
15.Ng5f3 { time. }
0-1

[Event "Match"]
[Site "www.echecsemail.com"]
[Date "2019.05.17"]
[Round "1"]
[White "Bgm9"]
[Black "Bjonil60"]
[WhiteElo "1499"]
[BlackElo "1460"]
[Result "1-0"]
[Round "1"]
1.d4 d5
2.c4 c6
3.Nb1c3 Ng8f6
4.e3 e6
5.Ng1f3 Qd8e7
6.Bf1d3 Qe7d6
7.O-O Nb8a6
8.c5 Qd6d7
9.Nf3e5 Qd7c7
10.a3 b6
11.Qd1a4 b5
12.Nc3xb5 Bc8d7
13.Nb5xc7 Na6xc7
14.Ne5xd7 Kxd7
15.b4 g6
16.b5 cxb5
17.Bd3xb5 Kd8
18.Bc1d2 Nc7xb5
19.Qa4xb5 Kc8
20.c6 Kc7
21.Qb5b7 Kd6
22.Bd2b4 
1-0

[Event "Tourn. n10099"]
[Site "www.echecsemail.com"]
[Date "2019.05.17"]
[Round "1"]
[White "Pdebonis"]
[Black "Cemaah"]
[WhiteElo "2710"]
[BlackElo "2410"]
[Result "1-0"]
[Round "1"]
1.d4 Ng8f6
2.Bc1g5 e6
3.e4 Bf8e7
4.e5 Nf6d5
5.Bg5xe7 Qd8xe7
6.c4 Nd5b6
7.Nb1c3 d5
8.exd6 cxd6
9.Ng1f3 O-O
10.Bf1e2 Bc8d7
11.O-O Rf8c8
12.b3 Nb8c6
13.Rf1e1 Qe7f6
14.Nc3e4 Qf6e7
15.c5 dxc5
16.dxc5 Nb6d5
17.Ne4d6 Rc8c7
18.Be2c4 Nd5f6
19.Ra1c1 a6
20.Qd1d2  { time }
1-0

[Event "Tourn. n10107"]
[Site "www.echecsemail.com"]
[Date "2019.05.17"]
[Round "1"]
[White "Cal"]
[Black "Jjmcbride"]
[WhiteElo "1600"]
[BlackElo "1730"]
[Result "1-0"]
[Round "1"]
1.e4 e5
2.a3 Ng8f6
3.d3 d6
4.Bc1g5 c6
5.Nb1c3 b5
6.b4 a5
7.Ng1f3 axb4
8.Nc3e2 bxa3
9.h3 Qd8a5
{ time. }
1-0

[Event "Match"]
[Site "www.echecsemail.com"]
[Date "2019.05.17"]
[Round "1"]
[White "Jerome"]
[Black "Fantomas"]
[WhiteElo "1499"]
[BlackElo "2200"]
[Result "1-0"]
[Round "1"]
1.e4 c6
2.d4 d5
3.e5 Bc8f5
4.h4 h6
5.g4 Bf5g6
6.h5 Bg6h7
7.e6 fxe6
8.Bf1d3 Nb8d7
9.Bd3xh7 Rh8xh7
10.Qd1d3 Nd7f6
11.Qd3g6 Kd7
12.Ng1f3 Qd8e8
13.Nf3e5 Kc7
14.Bc1f4 Kb6
15.Rh1h3 Ka6
16.Qg6d3 b5
17.a4 Kb6
18.axb5 cxb5
19.Qd3a3 a6
20.Rh3c3 a5
21.Qa3c5 Ka6
22.Ra1xa5 { resign }
1-0

[Event "Tourn. n10079"]
[Site "www.echecsemail.com"]
[Date "2019.05.18"]
[Round "1"]
[White "Pdebonis"]
[Black "Seger"]
[WhiteElo "2700"]
[BlackElo "2780"]
[Result "1/2-1/2"]
[Round "1"]
1.d4 d5
2.c4 e6
3.Nb1c3 c5
4.cxd5 exd5
5.Ng1f3 Ng8f6
6.Bc1g5 Bc8e6
7.Bg5xf6 Qd8xf6
8.e4 dxe4
9.Bf1b5 Nb8c6
10.Nc3xe4 Qf6f5
11.Bb5xc6 bxc6
12.Qd1c2 Bf8e7
13.dxc5 O-O
14.O-O Be6d5
15.Rf1e1 Rf8e8
16.Re1e2 Be7f8
17.Ra1e1 Re8e7
18.Nf3d4 Qf5g6
19.f3 a5
20.a3 a4
21.Kf1 h5
22.h3 Re7e5
23.Ne4d6 Re5xe2
24.Re1xe2 Qg6f6
25.Qc2c3 Ra8b8
26.Nd6e8 Qf6g5
27.Kg1 Rb8d8
28.Kh1 Rd8d7
29.Re2e1 Rd7e7
30.Re1xe7 Qg5xe7
31.Ne8d6 g6
32.Qc3d2 Qe7a7
33.Nd6e8 Qa7e7
34.Ne8d6 Bf8g7
35.Nd4e2 Bg7e5
36.Ne2c1 Qe7h4
37.Nc1d3 Qh4d4
38.Qd2e2 Be5g7
39.Qe2e8 { draw }
1/2-1/2

[Event "Tourn. n10121"]
[Site "www.echecsemail.com"]
[Date "2019.05.18"]
[Round "1"]
[White "Conde7"]
[Black "D4minance"]
[WhiteElo "2790"]
[BlackElo "2570"]
[Result "1/2-1/2"]
[Round "1"]
1.a3 Ng8f6
2.d4 g6
3.c4 Bf8g7
4.e3 O-O
5.Ng1f3 c5
6.dxc5 a5
7.Nb1d2 a4
8.Bf1d3 d5
9.cxd6 Qd8xd6
10.Bd3c2 Qd6a6
11.Qd1e2 Rf8d8
12.h3 Nb8c6
13.O-O Bc8e6
14.Ra1b1 Ra8c8
15.Nf3g5 Be6d7
16.Ng5f3 Nc6a5
17.Rf1d1 Bd7e8
18.Bc2d3 Nf6d7
19.Nd2e4 f5
20.c5 Qa6c6
21.Nf3d4 Bg7xd4
22.exd4 fxe4
23.Bd3b5 Qc6f6
24.Bb5xa4 Na5c6
25.Qe2xe4 b5
26.Ba4b3 Be8f7
27.Bb3xf7 Kxf7
28.Rd1d3 Ke8
29.b4 Qf6f5
30.Qe4xf5 gxf5
31.d5 Nc6e5
32.Rd3d1 Kf7
33.Rb1b3 Nd7f6
34.Bc1b2 Ne5g6
35.Rb3f3 Rd8xd5
36.Rd1xd5 Nf6xd5
37.Rf3xf5 Nd5f6
38.Bb2xf6 exf6
39.Rf5h5 Kg7
40.Rh5d5 Ng6f4
41.Rd5d7 Kg6
42.Rd7a7 Nf4d5
43.h4 Rc8c7
44.Ra7a5 Nd5c3
45.g4 h5
46.f3 Rc7h7
47.g5 fxg5
48.a4 Nc3xa4
49.Ra5xb5 { draw }
1/2-1/2

[Event "Tourn. n10137"]
[Site "www.echecsemail.com"]
[Date "2019.05.18"]
[Round "1"]
[White "Bojan"]
[Black "Fantomas"]
[WhiteElo "2160"]
[BlackElo "2230"]
[Result "0-1"]
[Round "1"]
1.d4 d5
2.Nb1d2 Bc8f5
3.c4 Ng8f6
4.e3 e6
5.h3 h6
6.Ng1f3 c6
7.cxd5 exd5
8.a3 Bf8d6
9.b4 O-O
10.Nf3e5 Nf6e4
11.Nd2xe4 dxe4
12.Ne5g4 Kh7
13.Bf1e2 Qd8e7
14.Qd1b3 Bf5e6
15.Qb3c2 Be6d5
16.Bc1b2 Nb8d7
17.f4 Qe7h4
18.Kf1 f6
19.Bb2c3 f5
20.Ng4e5 Qh4e7
21.Be2h5 Nd7xe5
22.dxe5 Bd6c7
23.Bh5e2 Bc7b6
24.Qc2c1 g5
25.Bc3e1 gxf4
26.exf4 Rf8g8
27.Qc1c2 Rg8g7
28.Rh1h2 Qe7f7
29.Ra1c1 Ra8g8
30.Be2c4 Bd5xc4
31.Qc2xc4 Bb6e3
32.e6 Qf7c7
33.Be1c3 Qc7xf4
34.Ke1 Qf4f2
35.Kd1 Rg8d8
{ resign }
0-1

[Event "Tourn. n10116"]
[Site "www.echecsemail.com"]
[Date "2019.05.18"]
[Round "1"]
[White "Ditto"]
[Black "Malbertan"]
[WhiteElo "1810"]
[BlackElo "1980"]
[Result "1/2-1/2"]
[Round "1"]
1.d4 Ng8f6
2.c4 e6
3.Ng1f3 Bf8b4
4.Bc1d2 Qd8e7
5.e3 Bb4xd2
6.Qd1xd2 c5
7.Bf1d3 Nb8c6
8.Nf3e5 cxd4
9.Ne5xc6 dxc6
10.exd4 e5
11.dxe5 Qe7xe5
12.Bd3e2 O-O
13.O-O Bc8e6
14.Nb1c3 Ra8d8
15.Qd2c2 Be6f5
16.Qc2b3 b6
17.Be2f3 c5
18.Ra1e1 Qe5c7
19.Nc3b5 Qc7b8
20.Qb3c3 Bf5d3
21.Bf3e2 Bd3xe2
22.Re1xe2 a6
23.Nb5a3 Qb8d6
24.Rf1e1 Rf8e8
25.Re2xe8 Rd8xe8
26.Re1xe8 { draw }
1/2-1/2

[Event "Tourn. n10117"]
[Site "www.echecsemail.com"]
[Date "2019.05.18"]
[Round "1"]
[White "Luban"]
[Black "Sorim"]
[WhiteElo "2140"]
[BlackElo "2130"]
[Result "0-1"]
[Round "1"]
1.d4 d5
2.Ng1f3 Ng8f6
3.h3 Bc8f5
4.e3 e6
5.c4 c6
6.a3 Bf8d6
7.Nb1c3 O-O
8.Bf1d3 Nf6e4
9.cxd5 cxd5
10.O-O Nb8d7
11.Qd1c2 Ra8c8
12.Bc1d2 Ne4xd2
13.Nf3xd2 Bf5g6
14.e4 dxe4
15.Nd2xe4 Bd6b8
16.Ra1d1 Qd8c7
17.Ne4g3 Nd7f6
18.Bd3xg6 fxg6
19.Qc2b3 Rc8e8
20.Rf1e1 Qc7f7
21.Nc3e4 Bb8xg3
22.Ne4xf6 gxf6
23.Qb3xg3 Re8e7
24.d5 exd5
25.Re1xe7 Qf7xe7
26.Rd1xd5 b6
27.h4 Rf8c8
28.h5 g5
29.Qg3d3 Rc8c1
30.Kh2 Qe7c7
31.g3 Qc7c6
32.h6 Kf8
33.Qd3e4 Qc6e8
34.Qe4xh7 Qe8h5
{ resign }
0-1

[Event "Tourn. n10103"]
[Site "www.echecsemail.com"]
[Date "2019.05.18"]
[Round "1"]
[White "Szustan"]
[Black "Seger"]
[WhiteElo "2620"]
[BlackElo "2790"]
[Result "1/2-1/2"]
[Round "1"]
1.e4 e5
2.Ng1f3 Nb8c6
3.Nb1c3 Ng8f6
4.d4 exd4
5.Nc3d5 Bf8e7
6.Bc1f4 d6
7.Nf3xd4 O-O
8.Nd4b5 Nf6xd5
9.exd5 Nc6e5
10.Bf1e2 c6
11.Nb5c3 Bc8f5
12.Qd1d2 Ne5g6
13.Bf4e3 c5
14.O-O Be7f6
15.Ra1e1 Rf8e8
16.Be2d3 Qd8d7
17.b3 Bf6xc3
18.Qd2xc3 b5
19.Qc3d2 a5
20.h3 a4
21.f4 h5
22.Qd2d1 h4
23.c4 bxc4
24.Bd3xc4 axb3
25.axb3 Bf5e4
26.Re1e2 Re8e7
27.Be3c1 Ra8a1
28.Qd1d2 { draw }
1/2-1/2

[Event "Tourn. n10127"]
[Site "www.echecsemail.com"]
[Date "2019.05.18"]
[Round "1"]
[White "Sorim"]
[Black "Fantomas"]
[WhiteElo "2160"]
[BlackElo "2200"]
[Result "0-1"]
[Round "1"]
1.d4 c6
2.c4 d5
3.Ng1f3 Ng8f6
4.e3 h6
5.Nb1c3 Bc8f5
6.Bf1e2 e6
7.O-O Bf8e7
8.a4 a5
9.Nf3d2 O-O
10.e4 dxe4
11.Nd2b3 Nb8a6
12.Bc1f4 Na6b4
13.Qd1d2 Bf5g6
14.Rf1d1 Nb4d3
15.Bf4e5 Nf6d7
16.Nc3xe4 Nd3xe5
17.dxe5 Nd7xe5
18.Qd2e3 Qd8c7
19.c5 Ne5d7
20.Ra1c1 Nd7f6
21.Ne4xf6 Be7xf6
22.Nb3d4 Bf6g5
23.Qe3f3 Bg5xc1
24.Rd1xc1 Ra8d8
25.Nd4c2 Rd8d2
{ resign }
0-1